000 00405 a2200169 4500
001 10441
020 _a9788510041539
040 _cAnchieta - Aquarius
100 _aCardoso, Leonardo Mendes
240 1 0 _aAmanda no país das vitaminas
_lpor
245 1 0 _aAmanda no país das vitaminas
300 _a47
362 0 _a1998
440 1 _aEditora do Brasil
650 4 _aLiteratura juvenil
942 _cBK
999 _c10441
_d10441